Vista normal
Vista MARC
Entrada Personal Name
Número de registros utilizados en: 1
001 - CONTROL NUMBER
- control field: 39879
003 - CONTROL NUMBER IDENTIFIER
- control field: OSt
005 - DATE AND TIME OF LATEST TRANSACTION
- control field: 20210901155333.0
008 - FIXED-LENGTH DATA ELEMENTS
- fixed length control field: 210901|| aca||aabn | a|a d
040 ## - CATALOGING SOURCE
- Original cataloging agency: OSt
- Transcribing agency: OSt
100 ## - HEADING--PERSONAL NAME
- Personal name: Alonso Neira, Miguel Ángel
670 ## - SOURCE DATA FOUND
- Source citation: Work cat.: (OSt)8485: Freire Rubio, Maria Teresa, 17408 autora, Introducción a la macroeconomía : , 2013